La médiation scientifique par le spectacle vivant (notice n° 1913415)

détails MARC
000 -LEADER
fixed length control field 02263cam a2200265 4500500
005 - DATE AND TIME OF LATEST TRANSACTION
control field 20260329021539.0
041 ## - LANGUAGE CODE
Language code of text/sound track or separate title fre
042 ## - AUTHENTICATION CODE
Authentication code dc
100 10 - MAIN ENTRY--PERSONAL NAME
Personal name Fallery, Bernard
Relator term author
245 00 - TITLE STATEMENT
Title La médiation scientifique par le spectacle vivant
260 ## - PUBLICATION, DISTRIBUTION, ETC.
Date of publication, distribution, etc. 2025.<br/>
500 ## - GENERAL NOTE
General note 13
520 ## - SUMMARY, ETC.
Summary, etc. Cette contribution repose sur Le Bourgeois numérique, Molière 3.0, une pièce de théâtre écrite et jouée par un groupe d’enseignants-chercheurs dans le cadre de leur activité de médiation scientifique. Cette pièce, dans le plus grand respect de l’esprit de Molière, devient aujourd’hui une satire de tous les Monsieur Jourdain assez naïfs, qui prétendent acquérir tous les codes de la New Tech ou de la Start-up Nation pour faire partie de l’élite ou de la nouvelle génération. On présente ici les cadres théoriques qui permettent d’éclairer la position des universitaires dans la médiation scientifique puis un extrait de la pièce. On conclut avec nos remarques sur la médiation scientifique par le spectacle vivant.
520 ## - SUMMARY, ETC.
Summary, etc. This contribution is based on “The digital bourgeois, Molière 3.0”, a play written and performed by a group of teacher-researchers as part of their scientific mediation activity. This piece, with the greatest respect for the spirit of Molière, today becomes a satire of all the rather naive “Monsieur Jourdain”, who claim to acquire all the codes of New Tech or Start-up Nation to make part of the elite or the new generation. Here we present the theoretical frameworks that help to clarify the position of academics in scientific mediation, followed by an extract from the play. We conclude with our remarks on scientific mediation through live performance.
690 ## - LOCAL SUBJECT ADDED ENTRY--TOPICAL TERM (OCLC, RLIN)
Topical term or geographic name as entry element médiation scientifique
690 ## - LOCAL SUBJECT ADDED ENTRY--TOPICAL TERM (OCLC, RLIN)
Topical term or geographic name as entry element société du numérique
690 ## - LOCAL SUBJECT ADDED ENTRY--TOPICAL TERM (OCLC, RLIN)
Topical term or geographic name as entry element théâtre
690 ## - LOCAL SUBJECT ADDED ENTRY--TOPICAL TERM (OCLC, RLIN)
Topical term or geographic name as entry element digital society
690 ## - LOCAL SUBJECT ADDED ENTRY--TOPICAL TERM (OCLC, RLIN)
Topical term or geographic name as entry element scientific mediation
690 ## - LOCAL SUBJECT ADDED ENTRY--TOPICAL TERM (OCLC, RLIN)
Topical term or geographic name as entry element theater
700 10 - ADDED ENTRY--PERSONAL NAME
Personal name Rodhain, Florence
Relator term author
700 10 - ADDED ENTRY--PERSONAL NAME
Personal name Zgoulli, Saloua
Relator term author
786 0# - DATA SOURCE ENTRY
Note Management des technologies organisationnelles | 16 | 1 | 2025-01-16 | p. 161-177 | 2553-3851
856 41 - ELECTRONIC LOCATION AND ACCESS
Uniform Resource Identifier <a href="https://shs.cairn.info/revue-management-des-technologies-organisationnelles-2025-1-page-161?lang=fr&redirect-ssocas=7080">https://shs.cairn.info/revue-management-des-technologies-organisationnelles-2025-1-page-161?lang=fr&redirect-ssocas=7080</a>

Pas d'exemplaire disponible.

PLUDOC

PLUDOC est la plateforme unique et centralisée de gestion des bibliothèques physiques et numériques de Guinée administré par le CEDUST. Elle est la plus grande base de données de ressources documentaires pour les Étudiants, Enseignants chercheurs et Chercheurs de Guinée.

Adresse

627 919 101/664 919 101

25 boulevard du commerce
Kaloum, Conakry, Guinée

Réseaux sociaux

Powered by Netsen Group @ 2025